000 01115nam a2200253Ia 4500
999 _c55879
_d55879
001 22977
003 GE_BSU
005 20230607170707.0
008 181216s ||||ge |||||||||||||| ||geo||
040 _cGE_BSU
041 _ageo
080 _a821.353.1-1 ა-87
100 _aასათიანი, ლადო
_918551
245 _aრჩეული /
_cლადო ასათიანი ; შეადგინა მანანა ასათიანმა ; რედ. მურმან ლებანიძე ; მხატვ. ჯემალ ლოლუა.
264 _aთბილისი :
_bსაბჭ. საქართველო,
_c1986.
300 _a159 გვ. ;
_c21 სმ.
541 _h1 ლ.70თ.
653 _aლექსები
653 _aრჩეული
700 _aასათიანი, მანანა
_eშემდგენელი
_96170
700 _aლებანიძე, მურმან
_eრედაქტორი
_916527
700 _aლოლუა, ჯემალ
_eმხატვარი
_918552
942 _cBK
_2udc